Paroles : Pull marine - Isabelle Adjani - Statistiques

Statistiques générales
  • Ce quiz a été pris 64 fois
  • Le résultat moyen est 156 sur 245
Statistiques - réponses
Réponse % Correct
A
100%
À
100%
Le
100%
Marine
100%
Piscine
100%
Pull
100%
De
98%
D'la
98%
Fond
98%
J'ai
96%
Tout
96%
Au
94%
Dans
94%
Je
92%
Touché
92%
Pas
90%
La
88%
L'fond
88%
Se
88%
Mon
85%
Aux
83%
Déchiré
83%
Que
83%
Te
83%
Coudes
81%
Y
81%
Des
79%
Petit
79%
Recoudre
79%
Sans
79%
Tu
79%
Voulu
79%
Abandonnée
77%
Sens
77%
Yeux
77%
Avant
75%
Bleu
75%
Donné
75%
J'me
75%
M'avais
75%
P'tit
75%
Reculons
75%
Ta
75%
Ton
75%
Tellement
73%
Toucher
73%
Les
71%
Me
71%
Qu'à
71%
Descends
69%
Qu'j'ai
69%
Savoir
69%
Trop
69%
Moi
67%
Un
67%
Qu'au
65%
Qui
65%
Sont
65%
Bu
63%
C'qui
63%
Toi
63%
Tasse
60%
Tchin-tchin
60%
Avais
58%
Pour
58%
Qu'mes
58%
Et
56%
Qu'il
52%
Regard
52%
S'passait
52%
Ait
50%
Maintenant
50%
Si
50%
C'est
48%
L'effet
48%
L'petit
48%
Paie
48%
Retard
48%
J'suis
46%
Moitié
46%
Fous
44%
J'm'en
44%
R'pérés
44%
Vraiment
44%
Morte
42%
Prête
42%
D'chlore
38%
Plein
38%
Retrouve
38%
T'avais
38%
Comme
35%
Rappliqué
35%
Amour
31%
L'on
31%
Ne
31%
Plus
31%
Avaler
29%
J'te
29%
M'importe
29%
Viens
29%
Sardine
27%
Ses
27%
Voyait
27%
Cacher
25%
Noyer
25%
Personne
25%
Magazines
23%
Montrer
23%
Notre
23%
Noyée
23%
Petite
23%
Amoureuse
21%
C'que
21%
Deux
21%
Fumés
21%
M'assassine
21%
Repêcher
21%
Star
21%
Toujours
21%
Verres
21%
Air
19%
Cas
19%
Garder
19%
J'veux
19%
N'aurai
19%
P'tite
19%
Vite
19%
Chargera
17%
Coup
17%
Limite
17%
Mettre
17%
Nous
17%
Peux
17%
Plutôt
17%
Soeur
17%
Coups
15%
Sur
15%
Traqueuse
15%
Compter
13%
Continuer
13%
D'cafard
13%
L'air
13%
Point
13%
Qu'ça
13%
D’non-retour
10%
Jusqu'au
10%
L'empêcher
10%
Referai
10%
Sous
10%
D'se
8%
J't'embrassais
8%
M'enlacer
8%
Retrouve-moi
2%
Aucun quiz correspondant
Distribution des résultats
% des personnes avec chaque résultat
Percentile par nombre de réponses
Votre historique - résultats
Vous n’avez pas pris ce quiz